[Event "Swiss Queens Wed #5"]
[Site "FIDE Online Arena INT"]
[Date "2024.02.28"]
[Round "8"]
[White "Kiseleva, Simona"]
[Black "Tripurambika, V."]
[Result "1-0"]
[WhiteElo "2174"]
[BlackElo "1329"]
[PlyCount "34"]
[EventDate "2024.02.28"]
[EventType "swiss (blitz)"]
[EventRounds "11"]
[EventCountry "NET"]
[SourceTitle "CB10_2024"]
[SourceDate "2024.03.06"]
[SourceVersion "1"]
[SourceVersionDate "2024.03.06"]
[SourceQuality "1"]

1. d4 d5 2. c4 e6 3. Nc3 Nf6 4. Nf3 Be7 5. Bf4 0-0 6. e3 b6 7. cxd5 exd5 8. Bd3 h6 9. 0-0 Bb7 10. Rc1 a6 11. Bb1 c5 12. Ne5 Nbd7 13. h3 Nh5 14. Qxh5 Nxe5 15. Bxe5 cxd4 16. Bxd4 f5 17. Bxf5 Bf6 1-0

[Event "Swiss Queens Wed #3"]
[Site "FIDE Online Arena INT"]
[Date "2024.02.14"]
[Round "6"]
[White "Kiseleva, Simona"]
[Black "Zaksaite, Salomeja"]
[Result "0-1"]
[WhiteElo "2174"]
[BlackElo "2212"]
[PlyCount "56"]
[EventDate "2024.02.14"]
[EventType "swiss (blitz)"]
[EventRounds "11"]
[EventCountry "NET"]
[SourceTitle "CB08_2024"]
[SourceDate "2024.02.21"]
[SourceVersion "1"]
[SourceVersionDate "2024.02.21"]
[SourceQuality "1"]

1. d4 Nf6 2. c4 g6 3. Nc3 d5 4. cxd5 Nxd5 5. Bd2 Bg7 6. e4 Nb6 7. Be3 0-0 8. Nf3 Bg4 9. Be2 Nc6 10. d5 Bxf3 11. gxf3 Na5 12. Bd4 Qd6 13. Rc1 Qb4 14. Bxg7 Kxg7 15. b3 c6 16. 0-0 Rfd8 17. f4 cxd5 18. a3 Qxb3 19. Qd4+ Kg8 20. e5 Rac8 21. f5 Qxa3 22. Qh4 Rxc3 23. Ra1 Qc5 24. f6 exf6 25. exf6 Nc6 26. Qh6 Qf8 27. Qf4 d4 28. Bb5 Nd5 0-1

[Event "Titled Tuesday intern op 09th Jan Early"]
[Site "Chess.com INT"]
[Date "2024.01.09"]
[Round "2"]
[White "Caetano, Hugo Zanotti Mendon"]
[Black "Kiseleva, Simona"]
[Result "0-1"]
[WhiteElo "2111"]
[BlackElo "2174"]
[PlyCount "114"]
[EventDate "2024.01.09"]
[EventType "swiss (blitz)"]
[EventRounds "11"]
[EventCountry "USA"]
[SourceTitle "CB03_2024"]
[SourceDate "2024.01.17"]
[SourceVersion "1"]
[SourceVersionDate "2024.01.17"]
[SourceQuality "1"]

1. d4 Nf6 2. c4 e6 3. Nf3 b6 4. a3 Bb7 5. Nc3 Be7 6. Bg5 d5 7. e3 0-0 8. cxd5 Nxd5 9. Bxe7 Qxe7 10. Bd3 Nd7 11. 0-0 Nxc3 12. bxc3 e5 13. Be2 Rad8 14. a4 exd4 15. cxd4 c5 16. a5 Nf6 17. axb6 axb6 18. Rb1 Rd6 19. Qc1 Bxf3 20. Bxf3 cxd4 21. exd4 Rfd8 22. h3 g6 23. Re1 Qd7 24. Qg5 Kg7 25. h4 h6 26. Qe5 Re8 27. Qg3 Rxe1+ 28. Rxe1 Rxd4 29. h5 Qd6 30. Qxd6 Rxd6 31. hxg6 Kxg6 32. Rb1 Nd7 33. Rb5 Nc5 34. g3 f5 35. Kg2 Kf6 36. Rb1 Ne4 37. Bxe4 fxe4 38. Rb5 Ke7 39. g4 Kd7 40. Kg3 Kc6 41. Re5 Rd3+ 42. Kg2 Kd6 43. Rxe4 b5 44. Rf4 Kc5 45. Rf6 Rd6 46. Rf5+ Kc4 47. f4 b4 48. g5 hxg5 49. fxg5 b3 50. Rf8 Rd5 51. Rg8 b2 52. Rc8+ Kb4 53. Rg8 b1Q 54. g6 Rg5+ 55. Kf3 Qd3+ 56. Kf4 Qg3+ 57. Ke4 Re5+ 0-1

[Event "Titled Tuesday intern op 09th Jan Early"]
[Site "Chess.com INT"]
[Date "2024.01.09"]
[Round "10"]
[White "Kiseleva, Simona"]
[Black "Ezat, Mohamed Mahmoud"]
[Result "1-0"]
[WhiteElo "2174"]
[BlackElo "2349"]
[PlyCount "121"]
[EventDate "2024.01.09"]
[EventType "swiss (blitz)"]
[EventRounds "11"]
[EventCountry "USA"]
[SourceTitle "CB03_2024"]
[SourceDate "2024.01.17"]
[SourceVersion "1"]
[SourceVersionDate "2024.01.17"]
[SourceQuality "1"]

1. d4 Nf6 2. c4 c5 3. d5 e5 4. Nc3 d6 5. e4 g6 6. Bd3 Bg7 7. Nge2 0-0 8. h3 a6 9. Be3 Nh5 10. g3 f5 11. Qd2 b5 12. cxb5 axb5 13. Bxb5 Ba6 14. Bxa6 Nxa6 15. Bh6 Qb6 16. Bxg7 Kxg7 17. 0-0 Rab8 18. Rab1 f4 19. g4 f3 20. gxh5 fxe2 21. Nxe2 Rf6 22. h6+ Kg8 23. Qe3 Rbf8 24. f4 exf4 25. Rxf4 Rxf4 26. Nxf4 Nb4 27. a3 Nc2 28. Qg3 Nd4 29. Kh2 Qb5 30. Rg1 Qxb2+ 31. Rg2 Qb1 32. Nxg6 Nf3+ 33. Qxf3 Rxf3 34. Nh4+ Kf7 35. Nxf3 Qb2 36. Ng5+ Kg6 37. Ne6+ Kxh6 38. Rxb2 Kh5 39. Rg2 Kh4 40. Rg4+ Kh5 41. Kg3 c4 42. Rf4 c3 43. Rf3 c2 44. Rc3 h6 45. Kf2 Kh4 46. Rxc2 h5 47. a4 Kxh3 48. Nf4+ Kh4 49. Nxh5 Kh3 50. a5 Kg4 51. a6 Kxh5 52. a7 Kg4 53. a8Q Kf4 54. Qf8+ Ke5 55. Qg7+ Kxe4 56. Re2+ Kd3 57. Qg6+ Kc4 58. Qe4+ Kc5 59. Rc2+ Kb6 60. Qb4+ Ka7 61. Ra2# 1-0

[Event "Titled Tuesday intern op 11th May"]
[Site "Chess.com INT"]
[Date "2021.05.11"]
[Round "3"]
[White "Kiseleva, Simona"]
[Black "Ognean, Mihnea Ionut"]
[Result "0-1"]
[WhiteElo "2171"]
[BlackElo "2257"]
[PlyCount "86"]
[EventDate "2021.05.11"]
[EventType "swiss (blitz)"]
[EventRounds "11"]
[EventCountry "USA"]
[SourceTitle "CBM 202 Extra"]
[Source "ChessBase"]
[SourceDate "2021.07.31"]
[SourceVersion "1"]
[SourceVersionDate "2021.07.31"]
[SourceQuality "1"]

1. d4 Nf6 2. c4 e6 3. Nf3 d5 4. Nc3 Nbd7 5. e3 a6 6. cxd5 exd5 7. Bd3 Bd6 8. 0-0 0-0 9. a3 Re8 10. b4 c6 11. Rb1 Nf8 12. a4 b5 13. a5 Ne4 14. Qc2 Qe7 15. Nd2 Bf5 16. Ne2 Rac8 17. Ng3 Nxg3 18. hxg3 Bxd3 19. Qxd3 Bxb4 20. Nb3 Ne6 21. Bd2 Bd6 22. Rfc1 Ng5 23. Be1 Ne4 24. Nd2 f5 25. Nf1 g6 26. f3 Ng5 27. Bd2 Ne6 28. Rc2 Rc7 29. Rbc1 Rec8 30. Qe2 c5 31. dxc5 Rxc5 32. Qd3 Rxc2 33. Rxc2 Rxc2 34. Qxc2 Qc7 35. Qd3 Qc4 36. Qb1 b4 37. Qb2 Kf7 38. Qh8 b3 39. Qxh7+ Ng7 40. Qh8 b2 41. Qd8 b1Q 42. Qxd6 Qb7 43. Qe5 Qe7 0-1

[Event "Speed Chess (Women) Q2"]
[Site "Chess.com INT"]
[Date "2020.06.19"]
[Round "3"]
[White "Kiseleva, Simona"]
[Black "Dwilewicz, Katarzyna"]
[Result "0-1"]
[WhiteElo "2171"]
[BlackElo "2120"]
[PlyCount "164"]
[EventDate "2020.06.19"]
[EventType "swiss (blitz)"]
[EventRounds "13"]
[EventCountry "USA"]
[SourceTitle "CBM 196 Extra"]
[Source "ChessBase"]
[SourceDate "2020.07.31"]
[SourceVersion "1"]
[SourceVersionDate "2020.07.31"]
[SourceQuality "1"]

1. d4 Nf6 2. c4 e6 3. Nf3 d5 4. Nc3 c6 5. e3 Nbd7 6. Bd3 Bd6 7. 0-0 0-0 8. e4 dxe4 9. Nxe4 Nxe4 10. Bxe4 Nf6 11. Bc2 Qc7 12. Qd3 g6 13. Bg5 Nh5 14. g3 b6 15. Rad1 Bb7 16. Rfe1 Ng7 17. Qe3 Rfe8 18. Ne5 Nf5 19. Bxf5 exf5 20. Qf4 c5 21. Bf6 cxd4 22. Rxd4 Bxe5 23. Bxe5 Qc6 24. Rd5 f6 25. Bc3 Rxe1+ 26. Bxe1 Re8 27. Bc3 Qe6 28. Rd1 Qe2 29. Rc1 Qe6 30. h4 Rc8 31. b3 Qc6 32. f3 Qc5+ 33. Bd4 Qc6 34. Kf2 Rd8 35. Rd1 b5 36. c5 a5 37. h5 Kg7 38. h6+ Kf7 39. Rd2 Rd7 40. a3 a4 41. b4 Qd5 42. Be3 Qc6 43. Rxd7+ Qxd7 44. Qd6 Qxd6 45. cxd6 Ke6 46. Bc5 Kd7 47. Ke3 g5 48. f4 g4 49. Kd4 Be4 50. Ke3 Bc2 51. Kd4 Bb3 52. Ke3 Be6 53. Kd4 Ba2 54. Ke3 Bb1 55. Kd4 Kc6 56. Ke3 Ba2 57. Kd4 Be6 58. Ke3 Kd5 59. Kd3 Bd7 60. Ke3 Bc6 61. Kd3 Bd7 62. Kc3 Ke4 63. Kd2 Kf3 64. Ke1 Kxg3 65. Kf1 Kxf4 66. Kf2 g3+ 67. Kg2 Bc6+ 68. Kg1 Kg4 69. Bd4 f4 70. Bxf6 f3 71. Bd4 f2+ 72. Bxf2 gxf2+ 73. Kxf2 Kf5 74. Ke3 Ke6 75. Kf4 Kxd6 76. Kf5 Kd7 77. Kf6 Be4 78. Ke5 Bg6 79. Kd5 Bf7+ 80. Kc5 Bc4 81. Kd4 Ke6 82. Ke4 Kf6 0-1

[Event "Speed Chess (Women) Q1"]
[Site "Chess.com INT"]
[Date "2020.06.18"]
[Round "8"]
[White "Kiseleva, Simona"]
[Black "Castillo Pena, Patricia Evarista"]
[Result "1-0"]
[WhiteElo "2171"]
[BlackElo "1770"]
[PlyCount "43"]
[EventDate "2020.06.18"]
[EventType "swiss (blitz)"]
[EventRounds "9"]
[EventCountry "USA"]
[SourceTitle "CBM 196 Extra"]
[Source "ChessBase"]
[SourceDate "2020.07.31"]
[SourceVersion "1"]
[SourceVersionDate "2020.07.31"]
[SourceQuality "1"]

1. d4 d5 2. c4 c6 3. Nc3 Nf6 4. e3 e6 5. Nf3 Nbd7 6. Bd3 dxc4 7. Bxc4 b5 8. Bd3 Bb7 9. e4 b4 10. Na4 c5 11. e5 Nd5 12. dxc5 Nxc5 13. Nxc5 Bxc5 14. 0-0 a6 15. Ng5 h6 16. Qh5 0-0 17. Bh7+ Kh8 18. Nxf7+ Rxf7 19. Qxf7 Kxh7 20. Qxb7 Ra7 21. Qc6 Rc7 22. Qxe6 1-0

[Event "Titled Tuesday intern op 6th June"]
[Site "Chess.com INT"]
[Date "2020.06.02"]
[Round "2"]
[White "Kiseleva, Simona"]
[Black "Rangel, Daniel"]
[Result "0-1"]
[WhiteElo "2171"]
[BlackElo "2227"]
[PlyCount "154"]
[EventDate "2020.06.02"]
[EventType "swiss (blitz)"]
[EventRounds "10"]
[EventCountry "USA"]
[SourceTitle "CBM 196 Extra"]
[Source "ChessBase"]
[SourceDate "2020.07.31"]
[SourceVersion "1"]
[SourceVersionDate "2020.07.31"]
[SourceQuality "1"]

1. d4 Nf6 2. c4 g6 3. Nc3 Bg7 4. e4 0-0 5. Be2 c6 6. Bg5 d5 7. cxd5 cxd5 8. e5 Ne4 9. Nxe4 dxe4 10. h4 Nc6 11. Be3 Qa5+ 12. Kf1 Rd8 13. h5 Nxd4 14. hxg6 hxg6 15. Bc4 Be6 16. Bxe6 Nxe6 17. Qg4 Qxe5 18. Ne2 Rd3 19. Qh4 Rad8 20. Nc3 Rxe3 21. fxe3 Rd3 22. Qxe7 Rxe3 23. Qe8+ Bf8 24. Kg1 Qc5 25. Kh2 Qd6+ 26. Kg1 Qd4 27. Kh2 Qe5+ 28. Kg1 Qd4 29. Kh2 Rd3 30. Rhf1 Qd6+ 31. Kg1 Qd7 32. Qxd7 Rxd7 33. Nxe4 Rc7 34. Rac1 Rxc1 35. Rxc1 f5 36. Nf6+ Kf7 37. Nd7 Bd6 38. Rd1 Ke7 39. Ne5 Bxe5 40. b3 Bd4+ 41. Kf1 Kf6 42. Ke2 Be5 43. Kd3 g5 44. Kc4 Nf4 45. g3 Ne6 46. Kd5 f4 47. Re1 f3 48. g4 f2 49. Rf1 Bg3 50. Ke4 Nf4 51. Kf3 Bh4 52. Rd1 Ke5 53. Rc1 Kd6 54. b4 Kd5 55. a4 Kd4 56. b5 Kd3 57. Rd1+ Kc2 58. Rh1 Kb3 59. a5 Ka4 60. b6 axb6 61. axb6 Ka5 62. Rb1 Ka4 63. Rb2 Ka3 64. Rb1 Ka2 65. Rf1 Kb2 66. Rh1 Kc2 67. Rf1 Kd2 68. Rb1 Nd3 69. Kg2 Ne1+ 70. Kf1 Ke3 71. Rc1 Kf3 72. Rc7 Ng2 73. Rf7+ Kg3 74. Rxb7 Ne3+ 75. Ke2 f1Q+ 76. Kxe3 Qf3+ 77. Kd2 Qxb7 0-1

[Event "Isolated Queens Internet op 2nd"]
[Site "Chess.com INT"]
[Date "2020.05.02"]
[Round "7"]
[White "Demchenko, Svitlana"]
[Black "Kiseleva, Simona"]
[Result "0-1"]
[WhiteElo "2071"]
[BlackElo "2171"]
[PlyCount "128"]
[EventDate "2020.05.02"]
[EventType "swiss"]
[EventRounds "10"]
[EventCountry "USA"]
[SourceTitle "CBM 195 Extra"]
[Source "ChessBase"]
[SourceDate "2020.05.31"]
[SourceVersion "1"]
[SourceVersionDate "2020.05.31"]
[SourceQuality "1"]

1. e4 d6 2. d4 Nf6 3. Nc3 c6 4. Bd3 e5 5. Be3 Qb6 6. Nge2 Qc7 7. dxe5 dxe5 8. 0-0 Bg4 9. f3 Bh5 10. Ng3 Bg6 11. Qe2 Nbd7 12. Kh1 Be7 13. f4 exf4 14. Bxf4 Ne5 15. Nf5 Bxf5 16. exf5 Nfd7 17. Rae1 f6 18. Bc4 0-0-0 19. Be6 Bd6 20. Ne4 Kb8 21. Nxd6 Qxd6 22. Rd1 Qc7 23. b4 Rhe8 24. c4 Nf8 25. Rxd8+ Rxd8 26. Re1 Nxe6 27. fxe6 Qd6 28. h3 Qxe6 29. Bxe5+ fxe5 30. Qxe5+ Qxe5 31. Rxe5 Kc7 32. Kh2 Rd4 33. Re7+ Rd7 34. Re4 Kd6 35. Kg3 Rf7 36. a3 b5 37. cxb5 cxb5 38. Rh4 h6 39. Rh5 a6 40. Rc5 Re7 41. Kf3 g5 42. Rc3 Re6 43. g3 Kd5 44. h4 Kd4 45. Rc5 gxh4 46. gxh4 Re3+ 47. Kf4 Rxa3 48. Rc6 Ra4 49. Rxh6 Kc3 50. h5 Rxb4+ 51. Kg5 a5 52. Rc6+ Kb3 53. h6 Rd4 54. Rc8 Rd7 55. Kg6 a4 56. h7 Rxh7 57. Kxh7 a3 58. Ra8 b4 59. Kg6 Kb2 60. Kf5 a2 61. Ke4 a1Q 62. Rxa1 Kxa1 63. Kd3 b3 64. Kc4 b2 0-1